Normal view
MARC view
- السياسية- مقالات ومحاضرات
Entry Topical Term
001 - CONTROL NUMBER
- control field: 8542
003 - CONTROL NUMBER IDENTIFIER
- control field: JO-AjAnu
005 - DATE AND TIME OF LATEST TRANSACTION
- control field: 20230606071658.0
008 - FIXED-LENGTH DATA ELEMENTS
- fixed length control field: 230606|| aca||aabn | a|a d
040 ## - CATALOGING SOURCE
- Original cataloging agency: JO-AjAnu
- Transcribing agency: JO-AjAnu
150 ## - HEADING--TOPICAL TERM
- Topical term or geographic name entry element: السياسية- مقالات ومحاضرات
670 ## - SOURCE DATA FOUND
- Source citation: Work cat.: (JO-AjAnu)4409: اصدار بن نبي، مالك, author 8541, بين الرشاد والتيه: طريق الثورة في قضايا الاستقلال في السياسية في قضية فلسطين حول الاقتصاد في الصراع الفكري